000 00483nam a2200181Ia 4500
001 13226
005 20260306163038.0
008 260306t2020||||xx |||||||||||||| ||spa||
041 _aESP
082 _a001.42
_bC87
100 _aCravino, Ana María,
_eAUT
245 0 _aInvestigación y tesis en disciplinas proyectuales :
_buna orientación metodológica
260 _c2020
300 _a221 páginas :
_c24 cm.
650 _aGEN
654 _aCHU
942 _cLIB
_dJUS
_fJUS
_2ddc
_n
999 _c13226
_d13226